| Tag |
First Indicator |
Second Indicator |
Subfields |
| LEADER |
00000cam a22000008a 4500 |
| 001 |
in00000744521 |
| 005 |
20151016165753.0 |
| 008 |
880823s1988 wb a b 10000 eng c |
| 010 |
|
|
|a 88024950
|
| 020 |
|
|
|a 0387500227 (U.S.)
|
| 035 |
|
|
|a (OCoLC)18464663
|
| 035 |
|
|
|9 ADJ7177AM
|
| 040 |
|
|
|a DNLM/DLC
|c DLC
|d TXA
|d UtOrBLW
|
| 049 |
|
|
|a TXAM
|c [A11154005]
|
| 050 |
0 |
0 |
|a RD598
|b .R46 1988
|
| 060 |
|
0 |
|a WG 300 R425 1987
|
| 082 |
0 |
|
|a 617/.412
|2 19
|
| 245 |
0 |
0 |
|a Reperfusion and revascularization in acute myocardial infarction /
|c G. Schettler[and others], (Eds.).
|
| 264 |
|
1 |
|a Berlin ;
|a New York :
|b Springer-Verlag,
|c [1988]
|
| 264 |
|
4 |
|c ©1988
|
| 300 |
|
|
|a xix, 271 pages :
|b illustrations
|
| 336 |
|
|
|a text
|b txt
|2 rdacontent
|
| 337 |
|
|
|a unmediated
|b n
|2 rdamedia
|
| 338 |
|
|
|a volume
|b nc
|2 rdacarrier
|
| 490 |
1 |
|
|a Supplement zu den Sitzungsberichten der Mathematisch-Naturwissenschaftlichen Klasse ;
|v Jahrg. 1988
|
| 490 |
1 |
|
|a Veröffentlichungen aus der Geomedizinischen Forschungsstelle der Heidelberger Akademie der Wissenschaften
|
| 500 |
|
|
|a "Proceedings of the joint meeting of the Heidelberger Akademie der Wissenschaften and the International Society and Federation of Cardiology, Scientific Board ... Heidelberg, 15-17 September 1987"--Title page verso.
|
| 504 |
|
|
|a Includes bibliographies.
|
| 650 |
|
0 |
|a Myocardial infarction
|x Surgery
|x Congresses.
|
| 650 |
|
0 |
|a Myocardial revascularization
|x Congresses.
|
| 650 |
|
0 |
|a Myocardial infarction
|x Chemotherapy
|x Congresses.
|
| 700 |
1 |
|
|a Schettler, Gotthard.
|
| 700 |
1 |
|
|a Jennings, Robert B.,
|d 1926-
|
| 700 |
1 |
|
|a Rapaport, Elliot,
|d 1924-
|
| 710 |
2 |
|
|a Heidelberger Akademie der Wissenschaften.
|
| 710 |
2 |
|
|a International Society and Federation of Cardiology.
|b Scientific Board.
|
| 830 |
|
0 |
|a Supplement zu den Sitzungsberichten der Mathematisch-Naturwissenschaftlichen Klasse ;
|v Jahrg. 1988.
|
| 830 |
|
0 |
|a Veröffentlichungen aus der Geomedizinischen Forschungsstelle der Heidelberger Akademie der Wissenschaften.
|
| 999 |
|
|
|a MARS
|
| 999 |
f |
f |
|s 8d0a088c-ace9-325e-b13e-b22b356c5492
|i 60a2625d-667a-3b95-a325-acf35cbd5f44
|t 0
|
| 952 |
f |
f |
|p ric
|a Texas A&M University
|b Rellis Campus
|c Joint Library Facility
|d Remote Storage
|t 0
|e RD598 .R46 1988
|h Library of Congress classification
|i unmediated -- volume
|m A14811154005
|
| 998 |
f |
f |
|a RD598 .R46 1988
|t 0
|l Remote Storage
|